Los líderes de la prevención de riesgos. Manual Metodológico para trabajar la gestión del riesgo en el aula. Nivel medio (Record no. 8215)
[ view plain ]
| 000 -LEADER | |
|---|---|
| campo de control de longitud fija | 00520nam a2200157Ia 4500 |
| 001 - NÚMERO DE CONTROL | |
| campo de control | 3092 |
| 008 - DATOS DE LONGITUD FIJA--INFORMACIÓN GENERAL | |
| campo de control de longitud fija | 241024s9999 xx 000 0 und d |
| 020 ## - NÚMERO INTERNACIONAL ESTÁNDAR DEL LIBRO | |
| Número Internacional Estándar del Libro | 978-9945-8856-7-5 |
| 082 ## - NÚMERO DE LA CLASIFICACIÓN DECIMAL DEWEY | |
| Número de clasificación | RD/507.04/R426l/5 |
| 100 ## - ENTRADA PRINCIPAL--NOMBRE DE PERSONA | |
| Nombre de persona | República Dominicana. Ministerio de Educación (MINERD) |
| 245 #0 - MENCIÓN DEL TÍTULO | |
| Título | Los líderes de la prevención de riesgos. Manual Metodológico para trabajar la gestión del riesgo en el aula. Nivel medio |
| 260 ## - PUBLICACIÓN, DISTRIBUCIÓN, ETC. | |
| Nombre del editor, distribuidor, etc. | Santo Domingo |
| Fecha de publicación, distribución, etc. | 2013 |
| 590 ## - NOTA LOCAL (RLIN) | |
| Nota local | si |
| 901 ## - ELEMENTOS DE DATOS A LOCAL LDA (RLIN) | |
| a | 25/7/2013 1:38:40 p.m. |
No items available.